Mixed Word: 5 Letter A-Z XXI Quiz Stats

 Plays Quiz Updated Feb 23, 2015

Challenge
Share
Tweet
Embed
Score 0/26 Timer 03:00
1 Play Today
Scramble Unscramble % Correct
HLIDCCHILD
99.1%
RMERYMERRY
97.4%
NPAJAJAPAN
97.2%
VLIERLIVER
96.9%
GURAEARGUE
96.8%
EGADRGRADE
96.1%
NAESKSNAKE
95.1%
QETOUQUOTE
94.3%
TILTETITLE
94.2%
LNVAENAVEL
93.9%
IFTURFRUIT
93.3%
TWDIHWIDTH
91.5%
BROOTROBOT
89%
Scramble Unscramble % Correct
NVGEAVEGAN
88.3%
YIOSHYOSHI
86.9%
NTIUIINUIT
83.4%
A-XSIXX-AXIS
82.5%
AZEDLZELDA
81.8%
BDOUMDUMBO
80.1%
YTTHAHYATT
80.1%
BUNSOBONUS
79.8%
GREETEGRET
76.6%
FKAKAKAFKA
76.1%
LOIELOLLIE
75.1%
TSPOEPESTO
67.7%
YSRUUUSURY
63.6%

You're not logged in!

Compare scores with friends on all Sporcle quizzes.
Join for Free
OR
Log In

You Might Also Like...

Show Comments

Extras

Top Quizzes Today


Score Distribution

Your Account Isn't Verified!

In order to create a playlist on Sporcle, you need to verify the email address you used during registration. Go to your Sporcle Settings to finish the process.

Report this User

Report this user for behavior that violates our Community Guidelines.

Details: